[Event "45th FIDE Chess Olympiad Open"]
[Site "Budapest, Hungary"]
[Date "2024.09.22"]
[Round "11"]
[White "Vocaturo, Daniele"]
[Black "Christiansen, Johan-Sebastian"]
[Result "1/2-1/2"]
[Board "53"]
[WhiteFideId "813192"]
[BlackFideId "1512668"]
[WhiteTitle "GM"]
[BlackTitle "GM"]
[WhiteElo "2600"]
[BlackElo "2661"]
[WhiteTeam "Italy"]
[BlackTeam "Norway"]
[WhiteClock "0:08:38"]
[BlackClock "0:00:57"]
[Variant "Standard"]

1. e4 {[%clk 1:30:51]}  e5 {[%clk 1:30:50]} 2. Nf3 {[%clk 1:30:39]}  Nc6 {[%clk 1:31:12]} 3. Bc4 {[%clk 1:30:10]}  Nf6 {[%clk 1:31:34]} 4. d3 {[%clk 1:30:29]}  d5 {[%clk 1:31:58]} 5. exd5 {[%clk 1:30:21]}  Nxd5 {[%clk 1:32:26]} 6. O-O {[%clk 1:28:55]}  Bc5 {[%clk 1:32:51]} 7. Nc3 {[%clk 1:24:53]}  Nxc3 {[%clk 1:32:14]} 8. bxc3 {[%clk 1:25:16]}  O-O {[%clk 1:32:36]} 9. Ng5 {[%clk 1:17:12]}  h6 {[%clk 1:28:52]} 10. Ne4 {[%clk 1:16:24]}  Be7 {[%clk 1:25:12]} 11. a4 {[%clk 1:10:50]}  Kh7 {[%clk 1:21:35]} 12. Ba3 {[%clk 1:04:23]}  Bxa3 {[%clk 1:18:10]} 13. Rxa3 {[%clk 1:04:49]}  f5 {[%clk 1:04:02]} 14. Nd2 {[%clk 1:04:21]}  Qd6 {[%clk 1:04:31]} 15. Ra1 {[%clk 1:03:59]}  b6 {[%clk 1:03:13]} 16. Bb5 {[%clk 0:51:41]}  Ne7 {[%clk 0:56:23]} 17. d4 {[%clk 0:41:04]}  exd4 {[%clk 0:48:07]} 18. cxd4 {[%clk 0:40:19]}  Qxd4 {[%clk 0:48:05]} 19. Re1 {[%clk 0:38:53]}  Ng6 {[%clk 0:44:00]} 20. Nf3 {[%clk 0:25:02]}  Qf6 {[%clk 0:42:47]} 21. h4 {[%clk 0:23:26]}  a6 {[%clk 0:23:40]} 22. Be8 {[%clk 0:17:51]}  Nxh4 {[%clk 0:19:10]} 23. Nxh4 {[%clk 0:17:43]}  Qxh4 {[%clk 0:19:38]} 24. Bc6 {[%clk 0:15:36]}  Rb8 {[%clk 0:19:50]} 25. Qd5 {[%clk 0:14:52]}  Qf6 {[%clk 0:16:20]} 26. Rad1 {[%clk 0:12:19]}  f4 {[%clk 0:13:27]} 27. Re5 {[%clk 0:11:57]}  Bf5 {[%clk 0:04:26]} 28. Rxf5 {[%clk 0:10:53]}  Qxf5 {[%clk 0:04:55]} 29. Qxf5+ {[%clk 0:11:17]}  Rxf5 {[%clk 0:05:23]} 30. Be4 {[%clk 0:11:42]}  Rbf8 {[%clk 0:05:11]} 31. Rd5 {[%clk 0:09:51]}  Kg6 {[%clk 0:02:09]} 32. g4 {[%clk 0:08:12]}  fxg3 {[%clk 0:02:19]} 33. f4 {[%clk 0:08:30]}  h5 {[%clk 0:01:39]} 34. Kg2 {[%clk 0:08:51]}  a5 {[%clk 0:01:08]} 35. Kxg3 {[%clk 0:07:26]}  R8f6 {[%clk 0:00:54]} 36. c4 {[%clk 0:07:35]}  c5 {[%clk 0:00:51]} 37. Re5 {[%clk 0:07:26]}  Rf8 {[%clk 0:01:08]} 38. Rd5 {[%clk 0:07:50]}  R8f6 {[%clk 0:01:05]} 39. Re5 {[%clk 0:08:13]}  Rf8 {[%clk 0:00:57]} 40. Rd5 {[%clk 0:08:38]} 1/2-1/2

[Event "45th FIDE Chess Olympiad Open"]
[Site "Budapest, Hungary"]
[Date "2024.09.22"]
[Round "11"]
[White "Tari, Aryan"]
[Black "Lodici, Lorenzo"]
[Result "1/2-1/2"]
[Board "54"]
[WhiteFideId "1510045"]
[BlackFideId "884189"]
[WhiteTitle "GM"]
[BlackTitle "GM"]
[WhiteElo "2642"]
[BlackElo "2556"]
[WhiteTeam "Norway"]
[BlackTeam "Italy"]
[WhiteClock "0:09:13"]
[BlackClock "0:11:59"]
[Variant "Standard"]

1. e4 {[%clk 1:30:57]}  e5 {[%clk 1:30:58]} 2. Nf3 {[%clk 1:31:20]}  Nc6 {[%clk 1:31:25]} 3. Bb5 {[%clk 1:31:36]}  a6 {[%clk 1:31:27]} 4. Ba4 {[%clk 1:31:58]}  Nf6 {[%clk 1:31:53]} 5. d3 {[%clk 1:32:22]}  b5 {[%clk 1:30:58]} 6. Bb3 {[%clk 1:32:46]}  Bc5 {[%clk 1:31:03]} 7. Bg5 {[%clk 1:32:40]}  h6 {[%clk 1:29:39]} 8. Bh4 {[%clk 1:32:10]}  Be7 {[%clk 1:26:33]} 9. a4 {[%clk 1:32:23]}  Rb8 {[%clk 1:26:47]} 10. axb5 {[%clk 1:32:22]}  axb5 {[%clk 1:27:13]} 11. Nc3 {[%clk 1:32:04]}  d6 {[%clk 1:25:41]} 12. Bxf6 {[%clk 1:31:13]}  Bxf6 {[%clk 1:26:05]} 13. Nd5 {[%clk 1:31:39]}  Be6 {[%clk 1:22:33]} 14. O-O {[%clk 1:14:19]}  O-O {[%clk 1:22:22]} 15. Qd2 {[%clk 1:06:20]}  Bxd5 {[%clk 1:17:54]} 16. Bxd5 {[%clk 1:06:27]}  Qd7 {[%clk 1:18:20]} 17. Ra6 {[%clk 1:02:25]}  Ne7 {[%clk 1:18:43]} 18. Bb3 {[%clk 1:00:31]}  c5 {[%clk 1:17:22]} 19. Rfa1 {[%clk 0:48:25]}  Rfc8 {[%clk 1:17:21]} 20. Qe2 {[%clk 0:41:46]}  Qc7 {[%clk 1:09:55]} 21. Nd2 {[%clk 0:34:35]}  Bg5 {[%clk 1:08:11]} 22. Ra7 {[%clk 0:30:28]}  Rb7 {[%clk 1:08:33]} 23. Rxb7 {[%clk 0:29:37]}  Qxb7 {[%clk 1:09:02]} 24. Nf3 {[%clk 0:28:21]}  Bf6 {[%clk 1:08:47]} 25. h4 {[%clk 0:26:05]}  Qc7 {[%clk 1:07:11]} 26. c3 {[%clk 0:24:12]}  c4 {[%clk 0:58:47]} 27. dxc4 {[%clk 0:24:36]}  bxc4 {[%clk 0:59:14]} 28. Bc2 {[%clk 0:25:01]}  Rb8 {[%clk 0:59:24]} 29. Ra2 {[%clk 0:24:26]}  Nc8 {[%clk 0:59:38]} 30. g3 {[%clk 0:21:56]}  Nb6 {[%clk 1:00:03]} 31. Nd2 {[%clk 0:21:25]}  g6 {[%clk 0:58:31]} 32. Ra5 {[%clk 0:17:37]}  Nd7 {[%clk 0:56:17]} 33. Ra2 {[%clk 0:15:57]}  Nb6 {[%clk 0:56:06]} 34. h5 {[%clk 0:14:09]}  Kg7 {[%clk 0:56:22]} 35. Qg4 {[%clk 0:13:08]}  Qc8 {[%clk 0:47:13]} 36. Qe2 {[%clk 0:11:02]}  gxh5 {[%clk 0:42:32]} 37. Qxh5 {[%clk 0:10:10]}  Ra8 {[%clk 0:42:59]} 38. Rxa8 {[%clk 0:04:33]}  Qxa8 {[%clk 0:43:27]} 39. Qd1 {[%clk 0:27:58]}  Bg5 {[%clk 0:57:55]} 40. Nf1 {[%clk 0:26:30]}  Qc6 {[%clk 0:58:10]} 41. Qf3 {[%clk 0:25:47]}  Qb5 {[%clk 0:55:25]} 42. Qg4 {[%clk 0:21:54]}  Kf8 {[%clk 0:36:44]} 43. Qd1 {[%clk 0:21:19]}  Qc6 {[%clk 0:33:22]} 44. b4 {[%clk 0:20:15]}  cxb3 {[%clk 0:32:52]} 45. Bxb3 {[%clk 0:20:35]}  Kg7 {[%clk 0:31:45]} 46. Qf3 {[%clk 0:20:09]}  Qc7 {[%clk 0:31:51]} 47. Nh2 {[%clk 0:19:11]}  Bd2 {[%clk 0:30:13]} 48. Ng4 {[%clk 0:18:59]}  Bg5 {[%clk 0:30:41]} 49. Kg2 {[%clk 0:18:06]}  Qd7 {[%clk 0:30:47]} 50. Nh2 {[%clk 0:17:36]}  Qc7 {[%clk 0:30:29]} 51. Qh5 {[%clk 0:16:35]}  Qe7 {[%clk 0:30:58]} 52. Nf3 {[%clk 0:16:07]}  Nd7 {[%clk 0:31:27]} 53. Qg4 {[%clk 0:16:19]}  Nf6 {[%clk 0:31:38]} 54. Qf5 {[%clk 0:16:33]}  Qb7 {[%clk 0:30:24]} 55. Bc2 {[%clk 0:13:33]}  Qb2 {[%clk 0:29:03]} 56. Ba4 {[%clk 0:13:55]}  Qa2 {[%clk 0:25:15]} 57. Bc6 {[%clk 0:12:06]}  Qc4 {[%clk 0:24:35]} 58. Bb7 {[%clk 0:12:31]}  Qb5 {[%clk 0:23:33]} 59. Qc8 {[%clk 0:10:05]}  Qe2 {[%clk 0:23:31]} 60. Nxg5 {[%clk 0:09:53]}  hxg5 {[%clk 0:23:59]} 61. Qf5 {[%clk 0:10:14]}  Qh5 {[%clk 0:21:31]} 62. f3 {[%clk 0:10:05]}  Qh6 {[%clk 0:18:48]} 63. Bd5 {[%clk 0:08:24]}  Qg6 {[%clk 0:15:35]} 64. Qxg6+ {[%clk 0:08:23]}  Kxg6 {[%clk 0:16:03]} 65. Bc6 {[%clk 0:07:46]}  g4 {[%clk 0:16:29]} 66. f4 {[%clk 0:06:37]}  exf4 {[%clk 0:14:20]} 67. gxf4 {[%clk 0:07:05]}  Nh5 {[%clk 0:14:45]} 68. Bd7 {[%clk 0:07:30]}  Nxf4+ {[%clk 0:15:12]} 69. Kg3 {[%clk 0:07:52]}  Nh5+ {[%clk 0:15:33]} 70. Kh4 {[%clk 0:08:11]}  g3 {[%clk 0:10:12]} 71. Bh3 {[%clk 0:08:24]}  Nf4 {[%clk 0:10:29]} 72. Kxg3 {[%clk 0:07:41]}  Ne2+ {[%clk 0:09:18]} 73. Kf3 {[%clk 0:07:49]}  Nxc3 {[%clk 0:09:46]} 74. Bf1 {[%clk 0:07:29]}  Kf6 {[%clk 0:09:34]} 75. Bc4 {[%clk 0:07:50]}  Na4 {[%clk 0:09:24]} 76. Ke3 {[%clk 0:08:05]}  Nc5 {[%clk 0:09:40]} 77. Kd4 {[%clk 0:08:22]}  Nd7 {[%clk 0:10:09]} 78. Bb5 {[%clk 0:08:10]}  Ne5 {[%clk 0:10:04]} 79. Kd5 {[%clk 0:08:30]}  Ke7 {[%clk 0:10:34]} 80. Be2 {[%clk 0:08:43]}  Ng6 {[%clk 0:10:55]} 81. Bc4 {[%clk 0:08:49]}  Nf4+ {[%clk 0:10:51]} 82. Kd4 {[%clk 0:09:17]}  Kf6 {[%clk 0:10:35]} 83. Bf1 {[%clk 0:09:20]}  Kg5 {[%clk 0:10:09]} 84. e5 {[%clk 0:08:02]}  d5 {[%clk 0:10:38]} 85. Ba6 {[%clk 0:08:14]}  Ne6+ {[%clk 0:11:06]} 86. Kxd5 {[%clk 0:08:29]}  Nc7+ {[%clk 0:11:31]} 87. Kd6 {[%clk 0:08:54]}  Nxa6 {[%clk 0:11:49]} 88. e6 {[%clk 0:09:20]}  fxe6 {[%clk 0:11:59]} 89. Kxe6 {[%clk 0:09:13]} 1/2-1/2

[Event "45th FIDE Chess Olympiad Open"]
[Site "Budapest, Hungary"]
[Date "2024.09.22"]
[Round "11"]
[White "Moroni, Luca Jr"]
[Black "Amar, Elham"]
[Result "1/2-1/2"]
[Board "55"]
[WhiteFideId "865834"]
[BlackFideId "1533533"]
[WhiteTitle "GM"]
[BlackTitle "GM"]
[WhiteElo "2558"]
[BlackElo "2539"]
[WhiteTeam "Italy"]
[BlackTeam "Norway"]
[WhiteClock "0:17:22"]
[BlackClock "0:12:29"]
[Variant "Standard"]

1. d4 {[%clk 1:30:57]}  Nf6 {[%clk 1:30:55]} 2. c4 {[%clk 1:31:23]}  g6 {[%clk 1:31:19]} 3. Nc3 {[%clk 1:31:39]}  Bg7 {[%clk 1:31:43]} 4. e4 {[%clk 1:32:04]}  d6 {[%clk 1:32:06]} 5. Bd3 {[%clk 1:32:29]}  O-O {[%clk 1:32:05]} 6. Nge2 {[%clk 1:32:55]}  c5 {[%clk 1:32:29]} 7. d5 {[%clk 1:33:16]}  e6 {[%clk 1:32:51]} 8. Bg5 {[%clk 1:33:36]}  h6 {[%clk 1:33:13]} 9. Bh4 {[%clk 1:33:48]}  exd5 {[%clk 1:33:36]} 10. Nxd5 {[%clk 1:31:58]}  g5 {[%clk 1:33:58]} 11. Bg3 {[%clk 1:32:22]}  Nc6 {[%clk 1:34:21]} 12. Nxf6+ {[%clk 1:29:31]}  Qxf6 {[%clk 1:31:44]} 13. Nc3 {[%clk 1:26:56]}  Be6 {[%clk 1:27:20]} 14. Rc1 {[%clk 1:20:14]}  Ne5 {[%clk 1:20:18]} 15. b3 {[%clk 1:17:47]}  Rad8 {[%clk 0:58:59]} 16. Be2 {[%clk 0:56:05]}  Ng6 {[%clk 0:53:48]} 17. O-O {[%clk 0:52:38]}  Nf4 {[%clk 0:50:12]} 18. Bd3 {[%clk 0:36:29]}  Qe7 {[%clk 0:42:19]} 19. Bb1 {[%clk 0:29:40]}  Be5 {[%clk 0:41:03]} 20. Re1 {[%clk 0:28:07]}  Qf6 {[%clk 0:36:01]} 21. Nd5 {[%clk 0:26:28]}  Bxd5 {[%clk 0:34:54]} 22. exd5 {[%clk 0:26:53]}  Rfe8 {[%clk 0:34:25]} 23. Qc2 {[%clk 0:26:13]}  Kf8 {[%clk 0:24:07]} 24. Kf1 {[%clk 0:20:28]}  h5 {[%clk 0:21:56]} 25. Rcd1 {[%clk 0:15:28]}  h4 {[%clk 0:15:47]} 26. Bxf4 {[%clk 0:15:50]}  Bxf4 {[%clk 0:14:30]} 27. Kg1 {[%clk 0:15:49]}  Rxe1+ {[%clk 0:11:52]} 28. Rxe1 {[%clk 0:16:14]}  Re8 {[%clk 0:12:07]} 29. Rxe8+ {[%clk 0:16:35]}  Kxe8 {[%clk 0:12:33]} 30. g3 {[%clk 0:17:00]}  hxg3 {[%clk 0:12:29]} 31. hxg3 {[%clk 0:17:22]} 1/2-1/2

[Event "45th FIDE Chess Olympiad Open"]
[Site "Budapest, Hungary"]
[Date "2024.09.22"]
[Round "11"]
[White "Urkedal, Frode Olav Olsen"]
[Black "Brunello, Sabino"]
[Result "1-0"]
[Board "56"]
[WhiteFideId "1506102"]
[BlackFideId "813613"]
[WhiteTitle "GM"]
[BlackTitle "GM"]
[WhiteElo "2546"]
[BlackElo "2511"]
[WhiteTeam "Norway"]
[BlackTeam "Italy"]
[WhiteClock "0:10:40"]
[BlackClock "0:00:31"]
[Variant "Standard"]

1. e4 {[%clk 1:30:58]}  c6 {[%clk 1:30:51]} 2. d4 {[%clk 1:31:21]}  d5 {[%clk 1:31:18]} 3. Nc3 {[%clk 1:31:47]}  dxe4 {[%clk 1:31:44]} 4. Nxe4 {[%clk 1:32:12]}  Bf5 {[%clk 1:32:11]} 5. Ng3 {[%clk 1:32:19]}  Bg6 {[%clk 1:32:37]} 6. Nf3 {[%clk 1:32:01]}  e6 {[%clk 1:32:50]} 7. h4 {[%clk 1:31:22]}  h6 {[%clk 1:32:12]} 8. Ne5 {[%clk 1:31:44]}  Bh7 {[%clk 1:32:38]} 9. Bd3 {[%clk 1:31:42]}  Bxd3 {[%clk 1:32:35]} 10. Qxd3 {[%clk 1:32:05]}  Nd7 {[%clk 1:33:00]} 11. Qe2 {[%clk 1:26:59]}  Be7 {[%clk 1:22:00]} 12. Nh5 {[%clk 1:20:29]}  g6 {[%clk 1:20:22]} 13. Ng7+ {[%clk 1:20:10]}  Kf8 {[%clk 1:20:34]} 14. Nxe6+ {[%clk 1:20:30]}  fxe6 {[%clk 1:21:00]} 15. Nxg6+ {[%clk 1:20:55]}  Kg7 {[%clk 1:21:26]} 16. Nxh8 {[%clk 1:21:13]}  Kxh8 {[%clk 1:21:05]} 17. Qxe6 {[%clk 1:20:27]}  Ndf6 {[%clk 1:17:16]} 18. c3 {[%clk 1:17:49]}  Bd6 {[%clk 1:16:18]} 19. Bg5 {[%clk 1:05:08]}  Qf8 {[%clk 1:13:57]} 20. Bxf6+ {[%clk 0:54:37]}  Nxf6 {[%clk 1:12:43]} 21. O-O {[%clk 0:54:54]}  Re8 {[%clk 1:12:28]} 22. Qf5 {[%clk 0:54:50]}  Re4 {[%clk 0:59:54]} 23. g3 {[%clk 0:48:33]}  Qg7 {[%clk 0:49:38]} 24. Kh1 {[%clk 0:47:14]}  Qe7 {[%clk 0:47:30]} 25. Kg2 {[%clk 0:46:59]}  Nd5 {[%clk 0:34:49]} 26. c4 {[%clk 0:32:49]}  Nf4+ {[%clk 0:28:57]} 27. Kf3 {[%clk 0:31:41]}  Re6 {[%clk 0:28:50]} 28. c5 {[%clk 0:27:44]}  Bb8 {[%clk 0:00:43]} 29. gxf4 {[%clk 0:26:44]}  Rf6 {[%clk 0:00:38]} 30. Rae1 {[%clk 0:17:13]}  Qf8 {[%clk 0:01:03]} 31. Qh5 {[%clk 0:14:52]}  Rxf4+ {[%clk 0:01:23]} 32. Kg2 {[%clk 0:15:19]}  Kh7 {[%clk 0:01:43]} 33. Re3 {[%clk 0:14:34]}  Rf6 {[%clk 0:00:33]} 34. Kh1 {[%clk 0:10:57]}  Qg7 {[%clk 0:00:31]} 35. Rg1 {[%clk 0:10:40]} 1-0

[Event "45th FIDE Chess Olympiad Open"]
[Site "Budapest, Hungary"]
[Date "2024.09.22"]
[Round "11"]
[White "Vitiugov, Nikita"]
[Black "Gazik, Viktor"]
[Result "1-0"]
[Board "57"]
[WhiteFideId "4152956"]
[BlackFideId "14928752"]
[WhiteTitle "GM"]
[BlackTitle "GM"]
[WhiteElo "2676"]
[BlackElo "2561"]
[WhiteTeam "England"]
[BlackTeam "Slovakia"]
[WhiteClock "0:01:37"]
[BlackClock "0:00:53"]
[Variant "Standard"]

1. d4 {[%clk 1:30:51]}  Nf6 {[%clk 1:30:54]} 2. c4 {[%clk 1:31:15]}  e6 {[%clk 1:31:20]} 3. Nf3 {[%clk 1:31:27]}  Bb4+ {[%clk 1:31:45]} 4. Bd2 {[%clk 1:27:24]}  Bxd2+ {[%clk 1:31:33]} 5. Qxd2 {[%clk 1:27:47]}  O-O {[%clk 1:31:43]} 6. Nc3 {[%clk 1:27:47]}  d5 {[%clk 1:31:40]} 7. e3 {[%clk 1:27:16]}  Qe7 {[%clk 1:31:34]} 8. cxd5 {[%clk 1:26:59]}  exd5 {[%clk 1:31:59]} 9. Bd3 {[%clk 1:27:21]}  Nc6 {[%clk 1:31:24]} 10. h3 {[%clk 1:24:18]}  Nb4 {[%clk 1:31:05]} 11. Bb1 {[%clk 1:22:01]}  Ne4 {[%clk 1:28:24]} 12. Qc1 {[%clk 1:20:59]}  c6 {[%clk 1:27:10]} 13. a3 {[%clk 1:18:16]}  Na6 {[%clk 1:27:28]} 14. Nd2 {[%clk 1:09:54]}  Nd6 {[%clk 1:07:21]} 15. Bd3 {[%clk 1:07:52]}  Nc7 {[%clk 0:58:26]} 16. Qc2 {[%clk 1:07:57]}  g6 {[%clk 0:58:39]} 17. h4 {[%clk 1:01:50]}  Bg4 {[%clk 0:50:33]} 18. Nf3 {[%clk 0:59:03]}  Rae8 {[%clk 0:41:06]} 19. Ne5 {[%clk 0:53:03]}  Bf5 {[%clk 0:39:23]} 20. Bxf5 {[%clk 0:43:12]}  Nxf5 {[%clk 0:39:23]} 21. O-O-O {[%clk 0:42:09]}  f6 {[%clk 0:29:35]} 22. Nd3 {[%clk 0:40:48]}  Nd6 {[%clk 0:29:28]} 23. g4 {[%clk 0:40:24]}  Nc4 {[%clk 0:22:28]} 24. Ne2 {[%clk 0:35:07]}  a5 {[%clk 0:19:44]} 25. Nef4 {[%clk 0:33:12]}  Ne6 {[%clk 0:16:07]} 26. Rdg1 {[%clk 0:23:56]}  Nxf4 {[%clk 0:13:33]} 27. Nxf4 {[%clk 0:24:15]}  Rf7 {[%clk 0:12:25]} 28. Rg3 {[%clk 0:22:44]}  Nd6 {[%clk 0:11:40]} 29. Rg2 {[%clk 0:19:38]}  Nc4 {[%clk 0:05:48]} 30. Kb1 {[%clk 0:16:18]}  Qe4 {[%clk 0:02:46]} 31. Qxe4 {[%clk 0:14:03]}  Rxe4 {[%clk 0:02:01]} 32. Kc1 {[%clk 0:12:18]}  Kf8 {[%clk 0:01:55]} 33. g5 {[%clk 0:11:13]}  fxg5 {[%clk 0:01:01]} 34. Rxg5 {[%clk 0:09:08]}  Rfxf4 {[%clk 0:00:46]} 35. exf4 {[%clk 0:09:33]}  Rxf4 {[%clk 0:00:37]} 36. h5 {[%clk 0:07:57]}  Rxf2 {[%clk 0:00:34]} 37. hxg6 {[%clk 0:08:04]}  hxg6 {[%clk 0:01:02]} 38. Rxg6 {[%clk 0:05:34]}  Nxb2 {[%clk 0:01:11]} 39. Rh7 {[%clk 0:03:20]}  Nd3+ {[%clk 0:01:36]} 40. Kb1 {[%clk 0:03:49]}  Rb2+ {[%clk 0:01:01]} 41. Ka1 {[%clk 0:02:23]}  Rb3 {[%clk 0:28:16]} 42. Rgg7 {[%clk 0:27:42]}  Rxa3+ {[%clk 0:26:13]} 43. Kb1 {[%clk 0:27:48]}  Nb4 {[%clk 0:24:41]} 44. Rc7 {[%clk 0:24:57]}  Kg8 {[%clk 0:24:14]} 45. Rhd7 {[%clk 0:21:57]}  Rf3 {[%clk 0:24:18]} 46. Rxb7 {[%clk 0:20:08]}  Rb3+ {[%clk 0:09:31]} 47. Kc1 {[%clk 0:20:02]}  Nd3+ {[%clk 0:09:33]} 48. Kd2 {[%clk 0:20:25]}  Rxb7 {[%clk 0:09:59]} 49. Rxb7 {[%clk 0:20:53]}  Nf4 {[%clk 0:08:48]} 50. Ke3 {[%clk 0:19:54]}  Ng2+ {[%clk 0:07:35]} 51. Kf3 {[%clk 0:07:15]}  Ne1+ {[%clk 0:08:00]} 52. Kf4 {[%clk 0:07:17]}  a4 {[%clk 0:00:48]} 53. Ra7 {[%clk 0:02:20]}  Nd3+ {[%clk 0:00:39]} 54. Kf5 {[%clk 0:01:17]}  c5 {[%clk 0:00:52]} 55. Rxa4 {[%clk 0:01:39]}  Kf7 {[%clk 0:00:34]} 56. Ra3 {[%clk 0:01:09]}  c4 {[%clk 0:00:46]} 57. Ra7+ {[%clk 0:01:30]}  Ke8 {[%clk 0:01:00]} 58. Ke6 {[%clk 0:01:46]}  Kd8 {[%clk 0:01:28]} 59. Kd6 {[%clk 0:01:47]}  Kc8 {[%clk 0:01:41]} 60. Ra3 {[%clk 0:01:59]}  Nf4 {[%clk 0:00:35]} 61. Ke5 {[%clk 0:01:38]}  Ne2 {[%clk 0:00:53]} 62. Re3 {[%clk 0:01:37]} 1-0

[Event "45th FIDE Chess Olympiad Open"]
[Site "Budapest, Hungary"]
[Date "2024.09.22"]
[Round "11"]
[White "Haring, Filip"]
[Black "Howell, David W L"]
[Result "0-1"]
[Board "58"]
[WhiteFideId "14933080"]
[BlackFideId "410608"]
[WhiteTitle "IM"]
[BlackTitle "GM"]
[WhiteElo "2503"]
[BlackElo "2677"]
[WhiteTeam "Slovakia"]
[BlackTeam "England"]
[WhiteClock "0:03:49"]
[BlackClock "0:01:07"]
[Variant "Standard"]

1. e4 {[%clk 1:30:56]}  c6 {[%clk 1:30:30]} 2. d4 {[%clk 1:30:58]}  d5 {[%clk 1:30:53]} 3. e5 {[%clk 1:31:23]}  Bf5 {[%clk 1:31:17]} 4. Nd2 {[%clk 1:31:46]}  e6 {[%clk 1:31:38]} 5. Nb3 {[%clk 1:32:10]}  Nd7 {[%clk 1:29:16]} 6. Nf3 {[%clk 1:32:11]}  Qc7 {[%clk 1:19:26]} 7. Be2 {[%clk 1:29:12]}  c5 {[%clk 1:13:08]} 8. dxc5 {[%clk 1:26:21]}  Bxc5 {[%clk 1:13:14]} 9. Nxc5 {[%clk 1:26:28]}  Nxc5 {[%clk 1:12:45]} 10. O-O {[%clk 1:20:37]}  Ne7 {[%clk 1:07:08]} 11. Nd4 {[%clk 1:13:30]}  a6 {[%clk 0:59:11]} 12. f4 {[%clk 1:09:22]}  b5 {[%clk 0:50:41]} 13. c3 {[%clk 1:06:04]}  Be4 {[%clk 0:50:15]} 14. Rf2 {[%clk 0:45:22]}  O-O {[%clk 0:49:16]} 15. Bf1 {[%clk 0:45:11]}  Rac8 {[%clk 0:44:31]} 16. Be3 {[%clk 0:41:55]}  Qd7 {[%clk 0:44:19]} 17. g3 {[%clk 0:38:26]}  Rc7 {[%clk 0:36:36]} 18. Rd2 {[%clk 0:32:08]}  Rb8 {[%clk 0:36:13]} 19. Rc1 {[%clk 0:29:53]}  Qc8 {[%clk 0:36:04]} 20. h4 {[%clk 0:26:20]}  Nd7 {[%clk 0:31:22]} 21. Rf2 {[%clk 0:19:45]}  Nb6 {[%clk 0:28:53]} 22. g4 {[%clk 0:15:44]}  Nc4 {[%clk 0:25:41]} 23. Bxc4 {[%clk 0:15:38]}  dxc4 {[%clk 0:21:00]} 24. h5 {[%clk 0:12:28]}  h6 {[%clk 0:20:44]} 25. Qf1 {[%clk 0:11:24]}  b4 {[%clk 0:18:51]} 26. Re1 {[%clk 0:08:24]}  bxc3 {[%clk 0:19:06]} 27. bxc3 {[%clk 0:08:52]}  Rcb7 {[%clk 0:15:41]} 28. Bc1 {[%clk 0:08:34]}  Bd3 {[%clk 0:13:45]} 29. Qh3 {[%clk 0:08:17]}  Rb1 {[%clk 0:13:51]} 30. f5 {[%clk 0:07:45]}  Ra1 {[%clk 0:10:30]} 31. fxe6 {[%clk 0:02:56]}  fxe6 {[%clk 0:10:53]} 32. Qf3 {[%clk 0:01:15]}  Kh8 {[%clk 0:02:46]} 33. Qf7 {[%clk 0:01:20]}  Ng8 {[%clk 0:01:53]} 34. g5 {[%clk 0:00:35]}  hxg5 {[%clk 0:01:15]} 35. Rg2 {[%clk 0:00:32]}  Nh6 {[%clk 0:00:38]} 36. Qe7 {[%clk 0:00:56]}  g4 {[%clk 0:00:46]} 37. Kh2 {[%clk 0:00:38]}  Qe8 {[%clk 0:00:32]} 38. Qh4 {[%clk 0:00:32]}  Rbb1 {[%clk 0:00:37]} 39. Bxh6 {[%clk 0:00:46]}  Rxe1 {[%clk 0:01:01]} 40. Bxg7+ {[%clk 0:00:32]}  Kh7 {[%clk 0:01:29]} 41. Kg3 {[%clk 0:26:47]}  Re3+ {[%clk 0:18:04]} 42. Kf4 {[%clk 0:25:15]}  Re4+ {[%clk 0:12:42]} 43. Kg3 {[%clk 0:23:59]}  Re3+ {[%clk 0:05:30]} 44. Kf4 {[%clk 0:24:21]}  Rh3 {[%clk 0:05:47]} 45. Qg5 {[%clk 0:21:00]}  Rxh5 {[%clk 0:05:52]} 46. Qxg4 {[%clk 0:20:19]}  Re1 {[%clk 0:06:01]} 47. Kg3 {[%clk 0:09:46]}  Re4 {[%clk 0:03:32]} 48. Qf3 {[%clk 0:09:43]}  Rg5+ {[%clk 0:02:06]} 49. Kf2 {[%clk 0:09:42]}  Rxg2+ {[%clk 0:01:34]} 50. Qxg2 {[%clk 0:09:46]}  Qf7+ {[%clk 0:00:55]} 51. Bf6 {[%clk 0:09:01]}  Rxe5 {[%clk 0:01:16]} 52. Qf3 {[%clk 0:08:01]}  Ra5 {[%clk 0:00:38]} 53. Ke3 {[%clk 0:05:22]}  Rh5 {[%clk 0:00:47]} 54. Nc6 {[%clk 0:03:55]}  Rh6 {[%clk 0:00:37]} 55. Be5 {[%clk 0:03:13]}  Qxf3+ {[%clk 0:01:03]} 56. Kxf3 {[%clk 0:03:38]}  Kg6 {[%clk 0:01:03]} 57. Ke3 {[%clk 0:03:30]}  Rh4 {[%clk 0:01:19]} 58. Bf4 {[%clk 0:03:49]}  Kf6 {[%clk 0:01:07]} 0-1